00285 a2200133 450000100060000002000150000604000240002110000190004524000260006424500210009030000070011136200090011865000240012744843 a8588038064 cAnchieta - Aquarius aAraújo, Rose10aOs amigos da Lislpor10aOs amigos da Lis a240 a2002 4aLiteratura infantil